|
|
|
|
| LEADER |
02439nam a2200625 4500 |
| 001 |
ocn816320418 |
| 003 |
OCoLC |
| 005 |
20170124070518.7 |
| 006 |
m o d |
| 007 |
cr cnu|||||||| |
| 008 |
120730s2012 gw a ob 001 0 ger |
| 040 |
|
|
|a AU@
|b eng
|e pn
|c AU@
|d OCLCO
|d CUS
|d N$T
|d UIU
|d DG1
|d E7B
|d OCLCF
|d EBLCP
|d IDEBK
|d YDXCP
|d DEBSZ
|d OCLCQ
|d COO
|d OCLCQ
|d DEBBG
|d GrThAP
|
| 016 |
7 |
|
|a 016134081
|2 Uk
|
| 019 |
|
|
|a 818846349
|a 818872256
|a 819628622
|a 843099400
|a 903251616
|
| 020 |
|
|
|a 3527645896
|q (electronic bk.)
|
| 020 |
|
|
|a 9783527645893
|q (electronic bk.)
|
| 020 |
|
|
|a 9783527645862
|q (electronic bk.)
|
| 020 |
|
|
|a 3527645861
|q (electronic bk.)
|
| 020 |
|
|
|a 1283834960
|q (ebk)
|
| 020 |
|
|
|a 9781283834964
|q (ebk)
|
| 020 |
|
|
|z 3527315195
|
| 020 |
|
|
|z 9783527315192
|
| 029 |
0 |
|
|a AU@
|b 000050138914
|
| 029 |
1 |
|
|a CHBIS
|b 009914512
|
| 029 |
1 |
|
|a CHVBK
|b 175204098
|
| 029 |
1 |
|
|a DEBBG
|b BV040587305
|
| 029 |
1 |
|
|a DEBSZ
|b 431260796
|
| 029 |
1 |
|
|a NZ1
|b 15916213
|
| 029 |
1 |
|
|a DEBBG
|b BV043395175
|
| 035 |
|
|
|a (OCoLC)816320418
|z (OCoLC)818846349
|z (OCoLC)818872256
|z (OCoLC)819628622
|z (OCoLC)843099400
|z (OCoLC)903251616
|
| 037 |
|
|
|a 414746
|b MIL
|
| 050 |
|
4 |
|a TS1828
|
| 072 |
|
7 |
|a TEC
|x 040000
|2 bisacsh
|
| 072 |
|
7 |
|a TEC
|x 055000
|2 bisacsh
|
| 082 |
0 |
4 |
|a 677.6
|2 23
|
| 049 |
|
|
|a MAIN
|
| 245 |
0 |
0 |
|a Vliesstoffe :
|b Rohstoffe, Herstellung, Anwendung, Eigenschaften, Prüfung /
|c herausgegeben von Hilmar Fuchs und Wilhelm Albrecht.
|
| 250 |
|
|
|a 2., vollständig überarbeitete Aufl.
|
| 264 |
|
1 |
|a Weinheim :
|b Wiley-VCH,
|c 2012.
|
| 300 |
|
|
|a 1 online resource (xxix, 728 pages)
|
| 336 |
|
|
|a text
|b txt
|2 rdacontent
|
| 337 |
|
|
|a computer
|b c
|2 rdamedia
|
| 338 |
|
|
|a online resource
|b cr
|2 rdacarrier
|
| 504 |
|
|
|a Includes bibliographical references and index.
|
| 588 |
0 |
|
|a Print version record.
|
| 650 |
|
0 |
|a Nonwoven fabrics.
|
| 650 |
|
7 |
|a TECHNOLOGY & ENGINEERING
|x Technical & Manufacturing Industries & Trades.
|2 bisacsh
|
| 650 |
|
7 |
|a TECHNOLOGY & ENGINEERING
|x Textiles & Polymers.
|2 bisacsh
|
| 650 |
|
7 |
|a Nonwoven fabrics.
|2 fast
|0 (OCoLC)fst01039054
|
| 655 |
|
4 |
|a Electronic books.
|
| 700 |
1 |
|
|a Albrecht, W.
|q (Wilhelm),
|d 1927-
|
| 700 |
1 |
|
|a Fuchs, Hilmar.
|
| 776 |
0 |
8 |
|i Print version:
|t Vliesstoffe.
|b 2., vollständig überarbeitete Aufl.
|d Weinheim : Wiley-VCH, 2012
|z 9783527315192
|w (OCoLC)805008675
|
| 856 |
4 |
0 |
|u https://doi.org/10.1002/9783527645862
|z Full Text via HEAL-Link
|
| 994 |
|
|
|a 92
|b DG1
|